Training in air pollution meteorology : addendum to Guidelines for the education and training of personnel in meteorology and operational hydrology, prepared by the Executive Committee Panel of Experts on Education and Training, 2d ed.

Saved in:
Bibliographic Details
Corporate Author: World Meteorological Organization. Panel of Experts on Meteorological Education and Training
Format: Book
Language:English
Published: Geneva : Secretariat of the World Meteorological Organization, 1978.
Series:WMO (Series) ; no. 258.
Subjects:
LEADER 01621nam a2200325 a 4500
001 c000177067
003 CARM
005 19950413000000.0
008 800325s1978 sz i000 0 eng
010 |a 80462658 //r952 
015 |a Sw*** 
019 1 |a 1703019  |5 LACONCORD2021 
035 |a (OCoLC)6196123  |5 LACONCORD2021 
040 |a LC  |b eng  |c LC  |d LC 
050 0 |a QC851  |b .W6445 no. 258 1977 Suppl. 2  |a QC869 
082 0 0 |a 551.5 s  |2 20 
082 0 0 |a 628.5/3/071  |2 20 
110 2 |a World Meteorological Organization.  |b Panel of Experts on Meteorological Education and Training. 
245 1 0 |a Training in air pollution meteorology :  |b addendum to Guidelines for the education and training of personnel in meteorology and operational hydrology, prepared by the Executive Committee Panel of Experts on Education and Training, 2d ed. 
260 |a Geneva :  |b Secretariat of the World Meteorological Organization,  |c 1978. 
300 |a 9 p. ;  |c 28 cm. 
490 1 |a WMO [publications] ; no. 258. 
650 0 |a Meteorology  |x Study and teaching. 
650 0 |a Air  |x Pollution  |x Study and teaching. 
650 0 |a Hydrology  |x Study and teaching. 
710 2 |a World Meteorological Organization.  |b Panel of Experts on Meteorological Education and Training.  |t Guidelines for the education and training of personnel in meteorology and operational hydrology. 
830 0 |a WMO (Series) ;  |v no. 258. 
852 8 |b CARM  |h A3:AE15C0  |i D07285  |p 0239515  |f BK 
999 f f |i 8a577da8-1b04-507e-9d6e-de1b07c18c6e  |s 7d5b24cf-0798-59ed-89bc-0ad77fece7e7 
952 f f |p Can circulate  |a CAVAL  |b CAVAL  |c CAVAL  |d CARM 1 Store  |e D07285  |f A3:AE15C0  |h Other scheme  |i book  |m 0239515